000 00882nam a2200253 a 4500
001 000026140
005 20250224091259.0
008 110302s1984 sp r 000 0 spa d
020 _a8427606931
040 _aDO-SdBNP
_bspa
_cBNPHU
082 _a291.38
_bM684
245 0 1 _aMitos sumerios y acadios /
_cedición preparada por Federico Lara Peinado.
260 _aMadrid, (España) :
_bEditora Nacional,
_c1984.
300 _a548 p. ;
_c21 cm.
490 1 _aClásicos para una biblioteca contemporánea
_aliteratura
_v41
504 _aIncluye referencias bibliográficas (p. 527-533)
650 4 _aRitos y ceremonias
_931566
650 4 _aRituales
_953115
650 0 _aUsos y costumbres
_953116
650 4 _aCultos
_953117
700 1 _aLara Peinado, Federico
_eed.
_953118
830 0 _aClásicos para una biblioteca contemporánea ;
_pliteratura
_v41
_953119
049 _aBNGR
999 _c25632
_d25632